000 00378nam a2200109Ia 4500
008 160909s9999 xx 000 0 und d
100 _aRinehart, Brenda L.
245 _aHow Christian leaders become their best-self: A generic qualitative study
260 _bCapella University.
_c2016
650 _aPSYCHOLOGY
856 _uhttp://pqdtopen.proquest.com/doc/1790114330.html?FMT=ABS
999 _c304047
_d304047